000 00247nam a2200109Ia 4500
008 170627s9999 xx 000 0 und d
100 _aSEN- LEENA
245 0 _aCOMMUNICATION SKILLS
260 _bPHI
260 _c2004
546 _aENGLISH
690 _aTECHNICAL COMUNICATION
999 _c35417
_d35417